000 00828nam a2200277Ia 4500
003 OSt
005 20220928131027.0
006 a|||||r|||| 00| 0
007 ta
008 220927b |||||||| |||| 00| 0 eng d
020 _cINR 845.00
024 _a133234
037 _b3990, 14/03/2017, New India Book Agency
_cTextual
040 _aSDCL
_cSDCL
_beng
041 _2eng
_aeng
082 _aX:57, P7
100 _aEun Cheol S.
_9476821
245 0 _aInternational financial management
250 _a4th
260 _aNew Delhi
_bMcGraw Hill Education
_c2015
300 _axxiii,539p.
_ccm.
650 _aFinancial Studies
700 _a Resnick Bruce G.
_9476822
942 _hX:57, P7
_cTEXL
_2CC
999 _c789291
_d789291